Library Banner

History of Tipu Sultan : (Record no. 98805)

MARC details
000 -LEADER
fixed length control field 00477nam a22001457a 4500
005 - DATE AND TIME OF LATEST TRANSACTION
control field 20250619113808.0
008 - FIXED-LENGTH DATA ELEMENTS--GENERAL INFORMATION
fixed length control field 171004b xxu||||| |||| 00| 0 eng d
040 ## - CATALOGING SOURCE
Transcribing agency PK-LaUMT
082 ## - DEWEY DECIMAL CLASSIFICATION NUMBER
Classification number 954.0312
Item number MIR-H
100 ## - MAIN ENTRY--PERSONAL NAME
Personal name Mir Hussain Ali Khan Kirmani
245 ## - TITLE STATEMENT
Title History of Tipu Sultan :
Remainder of title being a continuation of the Neshani Hyduri /
Statement of responsibility, etc Mir Hussain Ali Khan Kirmani
260 ## - PUBLICATION, DISTRIBUTION, ETC. (IMPRINT)
Place of publication, distribution, etc Rawalpindi :
Name of publisher, distributor, etc Services Book Club,
Date of publication, distribution, etc 1864
-- 1986
650 ## - SUBJECT ADDED ENTRY--TOPICAL TERM
Topical term or geographic name as entry element Tipu Sultan
942 ## - ADDED ENTRY ELEMENTS (KOHA)
Koha item type Books
Holdings
Withdrawn status Lost status Damaged status Home library Current library Date acquired Full call number Barcode Date last seen Price effective from Koha item type
      UMT Main Campus UMT Main Campus 2017-10-04 954.0312 MIR-H 113899 2024-10-22 2017-10-04 Books